00634nam a2200169 a 450000100100000000500170001000800410002704000250006808200160009310000300010924501000013926000480023930000310028704900090031895201200032799900170044700002113620200930011237.0100831s1967 nyu r 000 fdeng d aDO-SdBNPbspacBNPHU annnnbH425t1 aHays, Elinor Rice,94419516aThose extraordinary blackwells :bthe story of a journey to a better world /cElinor Rice Hays. aNew York :bHarcourt, Brace & World,c1967. a349 p. :bretrs. ;c22 cm. aBNGR 001052708MOaGRbGRcCTd2010-08-31iLF1l0onnnn H425tp21136-10r2020-06-25w2020-06-25y2ZPréstamo interno c20638d20638